000 00243nam a2200097Ia 4500
008 240331s9999 xx 000 0 und d
082 _bFOU
100 _aCenwor. ed
245 0 _aFourth national convention on women's studies :
_bwomen
942 _cL
999 _c5549
_d5549